00525nam a22002057a 450000500170000001000130001702000100003003500130004003700160005304000120006908200130008110000160009424500600011026000390017027000440020930000210025365000220027465000200029670000030031620170124110055.0 aA-454328 c60.00 aA-454328 bCen Lib/Ret aDPLbEN a651bABU aAbul Hashem aOffice procedure drafting & nothing /cby Abul Hashem aNew DelhibRamesh Publishing House a12-H, New Darya GanjbNew Delhie110002 a480p. c20cm(Hb) aOffice procedures aOffice Drafting